[Event "CRO-chT3B Center North"]
[Site "Croatia"]
[Date "2014.04.27"]
[Round "3.2"]
[White "Nagrajsalovic, Miroslav"]
[Black "Horvat, Zlatko"]
[Result "1-0"]
[WhiteElo "2207"]
[BlackElo "1883"]
[PlyCount "113"]
[EventDate "2014.04.06"]
[EventType "team-tourn"]
[EventRounds "9"]
[EventCountry "CRO"]
[SourceTitle "EXT 2019"]
[Source "ChessBase"]
[SourceDate "2018.10.10"]
[SourceVersion "1"]
[SourceVersionDate "2018.10.10"]
[SourceQuality "1"]

1. e4 c5 2. d4 cxd4 3. c3 d3 4. Bxd3 Nc6 5. c4 g6 6. Nf3 Bg7 7. 0-0 d6 8. Nc3 Nf6 9. Bf4 Nh5 10. Be3 0-0 11. Qd2 Ne5 12. Nxe5 dxe5 13. Rfd1 b6 14. Be2 Qxd2 15. Rxd2 Nf6 16. f3 Bb7 17. Rad1 Rfc8 18. Kf2 Bc6 19. b4 Be8 20. a3 e6 21. Nb5 Bxb5 22. cxb5 Kf8 23. g4 Rc3 24. a4 Rxe3 25. Kxe3 Bh6+ 26. Kf2 Bxd2 27. Rxd2 Ke7 28. Rc2 Ne8 29. a5 Kd7 30. Rc6 Rb8 31. h4 Nd6 32. a6 Rc8 33. Rxc8 Kxc8 34. Ke3 Kd7 35. f4 exf4+ 36. Kxf4 f6 37. e5 fxe5+ 38. Kg5 Ke7 39. Kh6 Kf6 40. Kxh7 e4 41. g5+ Kf7 42. h5 gxh5 43. g6+ Ke7 44. g7 Ne8 45. Bxh5 Nf6+ 46. Kh8 e5 47. g8Q Nxg8 48. Kxg8 Kf6 49. Kf8 Kg5 50. Bd1 Kf4 51. Ke7 Ke3 52. Kd6 Kd2 53. Bh5 e3 54. Kxe5 e2 55. Bxe2 Kxe2 56. Kd6 Kd3 57. Kc7 1-0

[Event "CRO-chT3B Center North"]
[Site "Croatia"]
[Date "2014.04.13"]
[Round "2.5"]
[White "Zizek, Sinisa"]
[Black "Nagrajsalovic, Miroslav"]
[Result "1-0"]
[WhiteElo "1921"]
[BlackElo "2207"]
[PlyCount "120"]
[EventDate "2014.04.06"]
[EventType "team-tourn"]
[EventRounds "9"]
[EventCountry "CRO"]
[SourceTitle "EXT 2019"]
[Source "ChessBase"]
[SourceDate "2018.10.10"]
[SourceVersion "1"]
[SourceVersionDate "2018.10.10"]
[SourceQuality "1"]

1. e4 Nf6 2. e5 Nd5 3. c4 Nb6 4. d4 d6 5. exd6 cxd6 6. Nf3 g6 7. Be2 Bg7 8. 0-0 0-0 9. Be3 Nc6 10. Nc3 Bg4 11. Nd2 Bxe2 12. Nxe2 Rc8 13. Rc1 e5 14. d5 Ne7 15. Qb3 f5 16. f4 Kh8 17. a4 Qd7 18. a5 Na4 19. Bxa7 Ra8 20. Ra1 Nxb2 21. Bb6 e4 22. Bd4 Nd3 23. Bxg7+ Kxg7 24. Nd4 Kg8 25. Ne6 Rfc8 26. Rfb1 Ra7 27. Qb6 Rca8 28. Nb3 Nc6 29. Nc7 Nd8 30. Nxa8 Rxa8 31. a6 Rxa6 32. Rxa6 bxa6 33. Qxa6 Nxf4 34. Nd4 Qg7 35. Qb6 Qxd4+ 36. Qxd4 Ne2+ 37. Kf2 Nxd4 38. Rb8 Kf7 39. Rxd8 Ke7 40. Rh8 h5 41. Rh7+ Kf6 42. Rd7 Ke5 43. Re7+ Kf6 44. Rd7 Ke5 45. Rg7 Kf6 46. Rb7 f4 47. Rb6 e3+ 48. Ke1 Ke5 49. Rb8 Ke4 50. Re8+ Kd3 51. c5 Nb5 52. Rb8 Nd4 53. Re8 Nb5 54. c6 Kd4 55. Rb8 Nc7 56. Rb7 Nxd5 57. c7 Ne7 58. Rb8 g5 59. Re8 Nd5 60. c8Q g4 1-0

[Event "Medimurska CupT"]
[Site "Croatia"]
[Date "2014.03.15"]
[Round "6.2"]
[White "Nagrajsalovic, Miroslav"]
[Black "Resman, Branko"]
[Result "1-0"]
[WhiteElo "2207"]
[BlackElo "1985"]
[PlyCount "37"]
[EventDate "2014.02.08"]
[EventType "team-swiss"]
[EventRounds "6"]
[EventCountry "CRO"]
[SourceTitle "EXT 2023"]
[Source "ChessBase"]
[SourceDate "2022.10.05"]
[SourceVersion "1"]
[SourceVersionDate "2022.10.05"]
[SourceQuality "1"]

1. e4 e5 2. d4 exd4 3. c3 d5 4. exd5 Qxd5 5. Nf3 Nc6 6. cxd4 Bg4 7. Be2 0-0-0 8. Nc3 Bb4 9. 0-0 Qa5 10. Be3 Nf6 11. a3 Bxc3 12. bxc3 Rhe8 13. Rb1 Ne4 14. Qb3 b6 15. Rfc1 Qh5 16. Qa4 Na5 17. Rb5 c5 18. Rxa5 bxa5 19. Qc6+ 1-0

[Event "CRO-chT3B Center North"]
[Site "Croatia"]
[Date "2012.05.12"]
[Round "4.22"]
[White "Nagrajsalovic, Miroslav"]
[Black "Storga, Dalibor"]
[Result "1/2-1/2"]
[WhiteElo "2244"]
[BlackElo "2137"]
[PlyCount "117"]
[EventDate "2012.04.14"]
[EventType "team-tourn"]
[EventRounds "9"]
[EventCountry "CRO"]
[SourceTitle "EXT 2013"]
[Source "ChessBase"]
[SourceDate "2012.11.22"]
[SourceVersion "1"]
[SourceVersionDate "2012.11.22"]
[SourceQuality "1"]

1. Nf3 e6 2. g3 Nf6 3. Bg2 d5 4. 0-0 Be7 5. c4 0-0 6. d4 Nc6 7. Nc3 Ne4 8. Bf4 Nxc3 9. bxc3 Na5 10. Nd2 g5 11. Be3 f5 12. f3 f4 13. Bf2 Nxc4 14. Nxc4 dxc4 15. e4 c6 16. gxf4 gxf4 17. Kh1 Bh4 18. Qe2 Bxf2 19. Rxf2 b5 20. Rg1 Kh8 21. Bh3 Qe7 22. Rfg2 e5 23. Bxc8 Raxc8 24. Qd2 Rg8 25. d5 Rxg2 26. Qxg2 cxd5 27. Qg4 Rd8 28. exd5 Qf6 29. d6 a5 30. a3 e4 31. fxe4 f3 32. d7 f2 33. Rf1 Rxd7 34. Qe2 Rf7 35. Kg2 Qg7+ 36. Kh1 Qf6 37. Kg2 Rg7+ 38. Kh1 Qg6 39. Qxf2 Qxe4+ 40. Qf3 Qxf3+ 41. Rxf3 Rg5 42. Rf7 b4 43. axb4 axb4 44. cxb4 Rb5 45. Rc7 Rxb4 46. Kg2 Rb2+ 47. Kf3 Rc2 48. Ke3 h6 49. h4 c3 50. Kd3 Rh2 51. Kxc3 Rxh4 52. Kd3 Rf4 53. Ke3 Rf6 54. Ke4 Kg8 55. Ke5 Rf1 56. Ke4 h5 57. Ke3 h4 58. Rc4 h3 59. Rh4 1/2-1/2

[Event "CRO-chT3B Center North"]
[Site "Croatia"]
[Date "2012.04.21"]
[Round "2.12"]
[White "Nagrajsalovic, Miroslav"]
[Black "Srnec, Sladjan"]
[Result "1-0"]
[WhiteElo "2244"]
[BlackElo "1946"]
[PlyCount "182"]
[EventDate "2012.04.14"]
[EventType "team-tourn"]
[EventRounds "9"]
[EventCountry "CRO"]
[SourceTitle "EXT 2013"]
[Source "ChessBase"]
[SourceDate "2012.11.22"]
[SourceVersion "1"]
[SourceVersionDate "2012.11.22"]
[SourceQuality "1"]

1. e4 d6 2. d4 g6 3. Nc3 Bg7 4. Bg5 Nd7 5. Qd2 c5 6. d5 Qa5 7. f4 a6 8. Nf3 Qb4 9. 0-0-0 Bxc3 10. Qxc3 Qxc3 11. bxc3 h6 12. Bh4 f6 13. Bd3 g5 14. Bg3 gxf4 15. Bxf4 Ne5 16. Be2 h5 17. Rhf1 Ng6 18. Bg3 h4 19. Be1 h3 20. g3 Bg4 21. Kd2 Nh6 22. Nh4 Ne5 23. Bf2 Bxe2 24. Kxe2 0-0-0 25. Be3 Nhg4 26. Bg1 Rh7 27. a4 Kc7 28. Rb1 Rb8 29. Rb3 Nc4 30. Nf5 Nb6 31. Ra1 Nc4 32. a5 Nge5 33. Be3 Ng4 34. Bg1 Rg8 35. Ra4 Nge5 36. Ne3 Nxe3 37. Kxe3 Rg4 38. Ra1 Rh8 39. Bf2 Rf8 40. Rab1 Rb8 41. Ra1 Nc4+ 42. Kd3 Ne5+ 43. Ke3 Rf8 44. Rab1 Rb8 45. Ra1 Rg5 46. Ke2 Ng4 47. Be3 Rg6 48. Bf4 Rgg8 49. Rh1 b6 50. axb6+ Rxb6 51. Kf3 a5 52. Ra3 Ra6 53. Ra4 Kd7 54. Ke2 Ke8 55. c4 Kf7 56. Bd2 Ne5 57. Bf4 Nd7 58. Rha1 Rga8 59. Bd2 Ne5 60. Bf4 Nd7 61. Bd2 Ne5 62. Bf4 Nd7 63. Bd2 Ne5 64. Bc3 Ng4 65. Rh1 Kg6 66. Kf3 Kh5 67. Kf4 Rf8 68. Rxa5 Rxa5 69. Bxa5 Ne5 70. g4+ Kg6 71. Ra1 Rf7 72. Bc3 Nxc4 73. Ra4 Ne5 74. Bxe5 fxe5+ 75. Kg3 Rh7 76. Ra8 Kf7 77. g5 Kg7 78. Kg4 Kg6 79. Rg8+ Kf7 80. g6+ Kxg8 81. gxh7+ Kxh7 82. Kxh3 Kg6 83. Kg4 Kf6 84. h4 e6 85. dxe6 Kxe6 86. h5 Kf6 87. h6 Kg6 88. c4 Kxh6 89. Kf5 Kh5 90. Ke6 Kg5 91. Kxd6 Kf6 1-0

[Event "Medimurska CupT"]
[Site "Cakovec"]
[Date "2011.03.06"]
[Round "5"]
[White "Novak, Ivan2222"]
[Black "Nagrajsalovic, Miroslav"]
[Result "1/2-1/2"]
[WhiteElo "2045"]
[BlackElo "2266"]
[PlyCount "122"]
[EventDate "2011.02.06"]
[EventType "team-swiss"]
[EventRounds "5"]
[EventCountry "CRO"]
[SourceTitle "EXT 2012"]
[Source "ChessBase"]
[SourceDate "2011.11.24"]
[SourceVersion "1"]
[SourceVersionDate "2011.11.24"]
[SourceQuality "1"]

1. e4 c5 2. Nf3 e6 3. d4 cxd4 4. Nxd4 Nf6 5. Bd3 Nc6 6. Nxc6 bxc6 7. 0-0 d5 8. e5 Nd7 9. f4 Ba6 10. f5 Bxd3 11. cxd3 Nxe5 12. fxe6 fxe6 13. Qe2 Bd6 14. Bf4 Nf7 15. Qxe6+ Qe7 16. Qxe7+ Bxe7 17. Re1 Kd7 18. Nc3 Rhe8 19. Na4 Bb4 20. Rxe8 Rxe8 21. a3 Bd6 22. Bxd6 Kxd6 23. Rf1 Ne5 24. d4 Nc4 25. Rf7 Re7 26. Rf8 Nd2 27. Rd8+ Kc7 28. Ra8 Kb7 29. Rg8 Nb3 30. Nc5+ Nxc5 31. dxc5 Ka6 32. Rb8 Rb7 33. Rc8 Kb5 34. b4 Rf7 35. Rd8 Ka4 36. Rb8 Kb3 37. b5 cxb5 38. c6 Rc7 39. Rxb5+ Kc4 40. Rb7 Rxc6 41. Rxa7 d4 42. Rxg7 h6 43. Kf2 Rd6 44. Rc7+ Kd3 45. Rb7 Kd2 46. a4 d3 47. Rc7 Rf6+ 48. Kg3 Ke1 49. Re7+ Kd1 50. Kg4 d2 51. Rd7 Re6 52. Kf5 Re2 53. g4 Rxh2 54. Kg6 Ke2 55. a5 Rh4 56. Kf5 h5 57. g5 Ra4 58. Re7+ Kf2 59. Rd7 Rxa5+ 60. Kg6 Ke2 61. Kxh5 Ra3 1/2-1/2

[Event "Medimurska CupT"]
[Site "Cakovec"]
[Date "2011.02.20"]
[Round "3"]
[White "Lovrencic, Vladimir"]
[Black "Nagrajsalovic, Miroslav"]
[Result "0-1"]
[WhiteElo "2161"]
[BlackElo "2266"]
[PlyCount "80"]
[EventDate "2011.02.06"]
[EventType "team-swiss"]
[EventRounds "5"]
[EventCountry "CRO"]
[SourceTitle "EXT 2012"]
[Source "ChessBase"]
[SourceDate "2011.11.24"]
[SourceVersion "1"]
[SourceVersionDate "2011.11.24"]
[SourceQuality "1"]

1. d4 c5 2. dxc5 e6 3. c4 Bxc5 4. Nf3 Nf6 5. Nc3 0-0 6. e3 Nc6 7. Bd3 d5 8. 0-0 dxc4 9. Bxc4 e5 10. Qxd8 Rxd8 11. Ng5 Rd7 12. a3 h6 13. Nge4 Nxe4 14. Nxe4 Be7 15. Bd2 a6 16. Rfd1 b5 17. Bb3 Bb7 18. Bc3 Rad8 19. Rxd7 Rxd7 20. Rd1 Rxd1+ 21. Bxd1 a5 22. Bd2 b4 23. axb4 axb4 24. Bc1 Na5 25. Nd2 f5 26. Nb3 Nc4 27. Nd2 Na5 28. Nb3 Nc6 29. Be2 Kf7 30. Bc4+ Kf6 31. f3 e4 32. Kf2 Ne5 33. Be2 g5 34. f4 Nd3+ 35. Bxd3 exd3 36. Bd2 Be4 37. Nd4 Bc5 38. Be1 gxf4 39. Bd2 fxe3+ 40. Bxe3 f4 0-1